[Event "Petrovskaya Ladya GM-B"]
[Site "Peterhof"]
[Date "2008.08.14"]
[Round "4"]
[White "Rozum, Ivan"]
[Black "Ivanov, Andrew"]
[Result "0-1"]
[WhiteElo "2444"]
[BlackElo "2335"]
[PlyCount "62"]
[EventDate "2008.08.12"]
[EventType "tourn"]
[EventRounds "11"]
[EventCountry "RUS"]
[EventCategory "7"]
[SourceTitle "CBM 125 Extra"]
[Source "ChessBase"]
[SourceDate "2008.09.01"]
[SourceVersion "1"]
[SourceVersionDate "2008.09.01"]
[SourceQuality "1"]

1. d4 d5 2. c4 c6 3. Nf3 e6 4. Qc2 Nf6 5. g3 dxc4 6. Qxc4 b5 7. Qd3 Bb7 8. Bg2 Nbd7 9. 0-0 a6 10. a4 Be7 11. Bg5 0-0 12. Nbd2 bxa4 13. Bxf6 Bxf6 14. Rxa4 c5 15. Rc1 cxd4 16. Ng5 Bxg5 17. Bxb7 Rb8 18. Bxa6 Rxb2 19. f4 Bf6 20. Ne4 Nb6 21. Nxf6+ Qxf6 22. Rxd4 Nd5 23. Rd1 g6 24. Bc4 Ne7 25. Rd7 Rc8 26. e4 Nc6 27. e5 Nxe5 28. Rd8+ Kg7 29. Qc3 Rxd8 30. Rxd8 Nf3+ 31. Qxf3 Qxd8 0-1

[Event "Petrovskaya Ladya GM-B"]
[Site "Peterhof"]
[Date "2008.08.13"]
[Round "3"]
[White "Ivanov, Andrew"]
[Black "Savchenko, Stanislav"]
[Result "1/2-1/2"]
[WhiteElo "2335"]
[BlackElo "2557"]
[PlyCount "108"]
[EventDate "2008.08.12"]
[EventType "tourn"]
[EventRounds "11"]
[EventCountry "RUS"]
[EventCategory "7"]
[SourceTitle "CBM 125 Extra"]
[Source "ChessBase"]
[SourceDate "2008.09.01"]
[SourceVersion "1"]
[SourceVersionDate "2008.09.01"]
[SourceQuality "1"]

1. Nf3 d5 2. c4 d4 3. g3 Nc6 4. Bg2 e5 5. d3 Bb4+ 6. Nfd2 a5 7. Na3 Nf6 8. 0-0 0-0 9. Nc2 Be7 10. b3 Re8 11. a3 Bf5 12. Rb1 Qd7 13. Re1 Rab8 14. Bb2 Bc5 15. Ba1 Qd6 16. Bb2 Rbd8 17. b4 axb4 18. Nb3 bxa3 19. Nxc5 Qxc5 20. Bxa3 Qa7 21. Rb5 Bd7 22. Qd2 b6 23. Ra1 Qb8 24. Rbb1 e4 25. Bb2 Bf5 26. Ra3 Qc8 27. Rba1 Qd7 28. Qf4 h6 29. Rd1 g5 30. Qd2 exd3 31. exd3 Bh3 32. Bh1 Bg4 33. f3 Bf5 34. Qf2 Qd6 35. Bg2 Bg6 36. Bf1 Bf5 37. Raa1 Qd7 38. Re1 Qd6 39. Rxe8+ Nxe8 40. Re1 Ng7 41. Ba3 Qg6 42. Qd2 Qf6 43. Bg2 Ne5 44. Nb4 c5 45. Nd5 Qd6 46. f4 gxf4 47. Nxf4 Re8 48. Bc1 Ng4 49. Rxe8+ Nxe8 50. Qe2 Qe5 51. Be4 Nef6 52. h3 Ne3 53. Bxe3 dxe3 54. Bxf5 Qxf5 1/2-1/2

[Event "Zudov Memorial-B 4th"]
[Site "Nizhnij Tagil"]
[Date "2008.07.14"]
[Round "7"]
[White "Yuzhakov, Oleg"]
[Black "Ivanov, Andrew"]
[Result "1/2-1/2"]
[WhiteElo "2297"]
[BlackElo "2235"]
[PlyCount "107"]
[EventDate "2008.07.07"]
[EventType "tourn"]
[EventRounds "9"]
[EventCountry "RUS"]
[SourceTitle "EXT 2022"]
[Source "ChessBase"]
[SourceDate "2021.10.06"]
[SourceVersion "1"]
[SourceVersionDate "2021.10.06"]
[SourceQuality "1"]

1. e4 c5 2. Nf3 d6 3. d4 cxd4 4. Nxd4 Nf6 5. Nc3 a6 6. Bc4 e6 7. Bb3 Be7 8. Qf3 Qc7 9. Bg5 Nc6 10. 0-0-0 b5 11. Nxc6 Qxc6 12. Qg3 Bb7 13. Bxf6 Bxf6 14. Qxd6 Qxd6 15. Rxd6 Be5 16. Rdd1 Ke7 17. f3 h5 18. Ne2 g5 19. c3 g4 20. f4 Bc7 21. Bc2 Rac8 22. b4 a5 23. a3 h4 24. Rhf1 Rhd8 25. Rxd8 Bxd8 26. Kb2 Bb6 27. Rd1 f5 28. Nd4 axb4 29. axb4 fxe4 30. Nxb5 Rf8 31. Nd6 Bd5 32. Nxe4 Rxf4 33. Re1 Kd7 34. Bd3 h3 35. gxh3 gxh3 36. Re2 Bxe4 37. Bxe4 Rf2 38. Rxf2 Bxf2 39. c4 Bg1 40. c5 Bxh2 41. Kc3 Bg3 42. Kc4 Bf2 43. b5 h2 44. b6 Kc8 45. Kb5 Kb8 46. Kc6 Bg3 47. Kb5 Bf2 48. c6 Bg3 49. Kc4 Be5 50. Bf3 Bg3 51. Bg2 Bd6 52. Kd4 Bg3 53. Kc3 Bd6 54. Kd4 1/2-1/2

[Event "Zudov Memorial-B 4th"]
[Site "Nizhnij Tagil"]
[Date "2008.07.13"]
[Round "6"]
[White "Ivanov, Andrew"]
[Black "Skurygin, Anton"]
[Result "1-0"]
[WhiteElo "2335"]
[BlackElo "2252"]
[PlyCount "85"]
[EventDate "2008.07.07"]
[EventType "tourn"]
[EventRounds "9"]
[EventCountry "RUS"]
[SourceTitle "EXT 2022"]
[Source "ChessBase"]
[SourceDate "2021.10.06"]
[SourceVersion "1"]
[SourceVersionDate "2021.10.06"]
[SourceQuality "1"]

1. e4 g6 2. d4 Bg7 3. Nc3 c6 4. Be3 d5 5. e5 h5 6. Bd3 Nh6 7. Nf3 a5 8. Ne2 Bg4 9. Nf4 e6 10. h3 Bxf3 11. Qxf3 Na6 12. c3 Nc7 13. g4 h4 14. Qe2 Bf8 15. Qd2 Ng8 16. Ng2 Qd7 17. a4 b6 18. f4 c5 19. 0-0 Ne7 20. dxc5 bxc5 21. Bxc5 Nc6 22. Bf2 Be7 23. g5 Kf8 24. Nxh4 Kg7 25. Kg2 d4 26. Be4 Nd5 27. Nf3 dxc3 28. bxc3 Rad8 29. Rad1 Qc7 30. Bxd5 Rxd5 31. Qe2 Rhd8 32. Rxd5 Rxd5 33. Rd1 Qd7 34. Rd2 Ba3 35. c4 Rxd2 36. Qxd2 Qb7 37. Qc3 Bb4 38. Qd3 Ne7 39. c5 Nf5 40. Qb5 Qe4 41. c6 Ne7 42. c7 Nd5 43. Qxd5 1-0

[Event "Zudov Memorial-B 4th"]
[Site "Nizhnij Tagil"]
[Date "2008.07.07"]
[Round "1"]
[White "Kaliberda, Vladimir"]
[Black "Ivanov, Andrew"]
[Result "1/2-1/2"]
[WhiteElo "2328"]
[BlackElo "2335"]
[PlyCount "21"]
[EventDate "2008.07.07"]
[EventType "tourn"]
[EventRounds "9"]
[EventCountry "RUS"]
[SourceTitle "EXT 2022"]
[Source "ChessBase"]
[SourceDate "2021.10.06"]
[SourceVersion "1"]
[SourceVersionDate "2021.10.06"]
[SourceQuality "1"]

1. d4 d5 2. c4 e6 3. Nc3 Nf6 4. cxd5 exd5 5. Bg5 Be7 6. e3 0-0 7. Bd3 Nbd7 8. Qc2 c6 9. Nf3 Re8 10. 0-0 Nf8 11. Rab1 1/2-1/2

[Event "UKR-chT 15th"]
[Site "Alushta"]
[Date "2008.05.26"]
[Round "7.2"]
[White "Brodsky, Michail"]
[Black "Ivanov, Andrew"]
[Result "1-0"]
[WhiteElo "2549"]
[BlackElo "2360"]
[PlyCount "101"]
[EventDate "2008.05.21"]
[EventType "team-tourn"]
[EventRounds "9"]
[EventCountry "UKR"]
[SourceTitle "EXT 2019"]
[Source "ChessBase"]
[SourceDate "2018.10.10"]
[SourceVersion "1"]
[SourceVersionDate "2018.10.10"]
[SourceQuality "1"]
[WhiteTeam "Kharkov Law Academy"]
[BlackTeam "Khmelnytskyi Podolia"]
[WhiteTeamCountry "UKR"]
[BlackTeamCountry "UKR"]

1. c4 c5 2. Nf3 Nf6 3. Nc3 d5 4. cxd5 Nxd5 5. d4 cxd4 6. Qxd4 Nxc3 7. Qxc3 Nc6 8. e4 Bd7 9. Be2 e5 10. 0-0 Bd6 11. Rd1 Qe7 12. Be3 Rd8 13. a3 0-0 14. h3 b6 15. b4 h6 16. Rd5 Nb8 17. Nxe5 Be6 18. Rd3 Bc8 19. Nc4 Bc7 20. Rad1 Bb7 21. e5 Ba6 22. Rxd8 Rxd8 23. Rxd8+ Qxd8 24. f4 Nc6 25. Bf3 Ne7 26. Bf2 Nd5 27. Qc1 b5 28. Nb2 Bb6 29. Nd3 Bb7 30. Nc5 Ba8 31. Qd2 Bc6 32. Be4 Ba8 33. e6 fxe6 34. Nxe6 Qd6 35. Nc5 Bc7 36. g3 Bc6 37. Bg2 Bb6 38. Ne4 Qe7 39. Bc5 Qe6 40. Kh2 Kh8 41. Qd4 Bxc5 42. Qxc5 Ne7 43. Qd6 Qf7 44. Qd8+ Ng8 45. Qd2 Nf6 46. Nd6 Qd7 47. Nf7+ Qxf7 48. Bxc6 Qc4 49. Bg2 Qb3 50. Qe2 a6 51. Qf3 1-0

[Event "Ekaterinburg UrFO-ch"]
[Site "Ekaterinburg"]
[Date "2008.03.19"]
[Round "5"]
[White "Ovetchkin, Roman"]
[Black "Ivanov, Andrew"]
[Result "0-1"]
[WhiteElo "2556"]
[BlackElo "2320"]
[PlyCount "122"]
[EventDate "2008.03.15"]
[EventType "swiss"]
[EventRounds "9"]
[EventCountry "RUS"]
[SourceTitle "EXT 2009"]
[Source "ChessBase"]
[SourceDate "2008.11.26"]
[SourceVersion "1"]
[SourceVersionDate "2008.11.26"]
[SourceQuality "1"]

1. e4 Nf6 2. e5 Nd5 3. d4 d6 4. c4 Nb6 5. f4 dxe5 6. fxe5 Nc6 7. Be3 Bf5 8. Nc3 e6 9. Nf3 Be7 10. d5 exd5 11. cxd5 Nb4 12. Nd4 Bd7 13. e6 fxe6 14. dxe6 Bc6 15. Nxc6 Qxd1+ 16. Rxd1 Nc2+ 17. Kd2 Nxe3 18. Kxe3 bxc6 19. Ba6 Rb8 20. b3 0-0 21. Rhf1 Rfe8 22. Kd3 Bb4 23. Ne2 Rxe6 24. Nd4 Rh6 25. Nf3 Rh5 26. Bc4+ Nxc4 27. Kxc4 Rc5+ 28. Kd3 Rc3+ 29. Ke4 Rc2 30. Nd4 Rxa2 31. Nxc6 Re8+ 32. Kd5 Bd6 33. g4 Rxh2 34. Nxa7 Rh3 35. b4 Bxb4 36. Nb5 Ba5 37. Kc6 Rh6+ 38. Kd7 Rhe6 39. Rf5 g6 40. Rf3 Bb6 41. Nc3 R8e7+ 42. Kc8 c6 43. Rd7 Ba5 44. Na4 Rxd7 45. Kxd7 Re4 46. Nc5 Rxg4 47. Ne6 Bb4 48. Kxc6 h5 49. Kd5 Be7 50. Ke5 Rg1 51. Re3 h4 52. Re2 g5 53. Nd4 g4 54. Ke6 Bf8 55. Nf5 h3 56. Rh2 Rg2 57. Rh1 Bg7 58. Ne7+ Kh7 59. Kf5 h2 60. Kg5 Bh6+ 61. Kh4 Bf4 0-1